Türkiye'de İslamcı kitle seferberliği (Record no. 517)

MARC details
000 -BAŞLIK
Sabit Uzunlukta Kontrol Alanı 00924na a2200289 4500
001 - KONTROL NUMARASI
Denetim Alanı 19902
003 - KONTROL NUMARASI IDENTIFIER
Denetim Alanı MIRAKIL
005 - SON İŞLEM TARİHİ VE ZAMANI
Denetim Alanı 20181213154752.0
008 - SABİT-BOY VERİ ELEMANLARI - GENEL BİLGİLER
Sabit Uzunlukta Kontrol Alanı 161228b tu 000 0
020 ## - ULUSLARARASI STANDART KİTAP NUMARASI
Uluslararası Standart Kitap Numarası 9753295936
035 ## - SİSTEM KONTROL NUMARASI
Sistem Kontrol Numarası 19902
040 ## - KATALOGLAMA KAYNAK
Orijinal Kataloglama Ajansı Milas
Kataloglama Dili tur
Metne Dönüştürmek Ajansı TR-AnCHP
041 ## - DİL KODU
Metin / Ses Parça Veya Ayrı Başlığın Dil Kodu tur
082 ## - DEWEY ONLU SINIFLANDIRMA NUMARASI
Sınıflandırma Numarası 320.559561
Ürün Numarası W35 2007
090 ## - SINIFLAMA NUMARASI
Sınıflama Numarası 320.559561 W35 2007
100 ## - ANA GİRİŞ - KİŞİSEL İSİM
Kişisel Ad White, Jenny B.
245 ## - BAŞLIK TABLOSU
Başlık Türkiye'de İslamcı kitle seferberliği
Başlığın Kalan yerli siyaset üzerine bir araştırma
Sorumluluk Tablosu, Vb Jenny B. White ; İngilizce aslından çeviren Esen Türay
246 ## - UNVAN FORM VARYING
Başlık Doğru / Kısa Başlığı Yerli siyaset üzerine bir araştırma
260 ## - YAYIN, DAĞITIM, VB
Yayın, Dağıtım, Vb Yeri İstanbul
Yayıncı, Dağıtıcı, Vs Adı Oğlak Yayıncılık ve Reklamcılık
Yayın, Dağıtım, Vb Tarihi 2007
300 ## - FİZİKSEL TANIM
Kapsam 439 s.
Boyutlar 20 sm.
650 ## - KONU KATMA GİRİŞ - TOPİKAL DÖNEM
Topikal Süreli Veya Coğrafi Ad Giriş Elemanı Din ve siyaset
Genel Alt Bölümü Türkiye
650 ## - KONU KATMA GİRİŞ - TOPİKAL DÖNEM
Topikal Süreli Veya Coğrafi Ad Giriş Elemanı İslam ve siyaset
Coğrafi Alt Bölümü Türkiye
650 ## - KONU KATMA GİRİŞ - TOPİKAL DÖNEM
Topikal Süreli Veya Coğrafi Ad Giriş Elemanı Din ve toplum
Coğrafi Alt Bölümü Türkiye
650 ## - KONU KATMA GİRİŞ - TOPİKAL DÖNEM
Topikal Süreli Veya Coğrafi Ad Giriş Elemanı İslamiyet ve toplum
Coğrafi Alt Bölümü Türkiye
700 ## - KATMA GİRİŞ - KİŞİSEL İSİM
Kişisel Ad Türay, Esen
942 ## - EKLENDİ GİRİŞ ELEMANLARI (KOHA)
Sınıflandırma Veya Raf Düzeni Kaynak
Koha Öğesi Türü Books
999 ## - SİSTEM KONTROL NUMARALARI (KOHA)
Koha Biblionumber 517
Koha Biblioitemnumber 517
Holdings
Kalıcı Konum Mevcut Konum Edinme Tarihi Edinim Kaynak Toplam Check-Out'Lar Tam Çağrı Numarası Barkod Tarih Son Görülme İtibaren Geçerli Fiyatlar Koha Öğesi Türü
CHP Kütüphanesi CHP Kütüphanesi 12/28/2016 Bağış   320.559561 W35 2007 010882 12/28/2016 12/28/2016 Books